000 00366nam a2200157Ia 4500
008 160316s2003 xxu||||| |||| 00| 0 eng d
082 _a347.090000
_bRUS
100 _aRussell
245 _aArbitration
250 _a22nd
260 _aLondon
_bSweet & Maxwell
_c2003
300 _a680p
_b
_clxi
365 _bRs.18,706
650 _a1. Arbitration
700 _a
_a
999 _c24759
_d24759